The Future Leaders (Record no. 4725)

MARC details
000 -LEADER
fixed length control field 00455nam a22001577a 4500
008 - FIXED-LENGTH DATA ELEMENTS--GENERAL INFORMATION
fixed length control field 260428b |||||||| |||| 00| 0 eng d
020 ## - INTERNATIONAL STANDARD BOOK NUMBER
ISBN 0435901397
100 ## - MAIN ENTRY--AUTHOR
Author Mwangi Ruheni
245 ## - TITLE STATEMENT
Title The Future Leaders
260 ## - PUBLICATION, DISTRIBUTION, ETC. (IMPRINT)
Place of publication IBADAN
Name of publisher Heinemann
Date of publication 1973
300 ## - COLLATION
Pagination 214 pages
650 ## - TRACINGS
Main Subject English Literature
Subdivision (1st) English literature of East Africa (Kenya/Tanzania/Uganda literary grouping)
942 ## - ADDED ENTRY ELEMENTS (KOHA)
Item type Books
050 ## - LIBRARY OF CONGRESS CALL NUMBER
Classification number PR9381.9
Item number .R84
Holdings
Source of classification or shelving scheme Not for loan Permanent location Current location Date acquired Accession No. Full call number Barcode. Copy number Koha item type
Library of Congress Classification   Samuel Ogbemudia Main Library, University of Abuja Samuel Ogbemudia Main Library, University of Abuja 04/28/2026 2026/72121-26 PR9381.9 .R84 2026-0222 6 Books